=LDR 00000nam 2200000 4500 =001 INLIS000000000037036 =005 20130612142803 =008 ***********************************Ind** =035 ##$$a0010-061300000037036 =041 ##$$a Ind =082 ##$$a 372.3 =090 ##$$a 372.3, Far f =100 ##$$a Farida, Nur =245 ##$$a First aidfor kid, pertolongan pertama saat gawat, Nur Farida ; editor, Nirs =260 ##$$a 2009 $b Jakarta =300 ##$$a xii, 141 hlm, ilus, 26 cm =650 ##$$a Pendidikan dasar-kesehatan =700 ##$$a Niks =850 ##$$a NBPNMAT =990 ##$$a 0001/BPAP-NTB/20142014